000 00403cam a2200145 4500500
005 20251012032441.0
041 _afre
042 _adc
100 1 0 _aSesé, Bernard
_eauthor
245 0 0 _aPréface
260 _c1999.
500 _a62
786 0 _nSigila | 4 | 2 | 1999-12-20 | p. 11-16 | 1286-1715
856 4 1 _uhttps://shs.cairn.info/revue-sigila-1999-2-page-11?lang=fr&redirect-ssocas=7080
999 _c1547297
_d1547297